• 首页
  • 本馆介绍
  • 公告通知
  • 最新文献
  • 馆藏检索
  • 电子资源
  • 读者导购
  • 参考咨询
  • 我的图书馆
  • 登录
  • 详细信息显示
  • 放入我的书架
  • 预约/预借图书
  • 作者相关作品
  • 分类相关作品
  • 丛书相关作品
  • 出版社相关作品

书目信息

  • 表格格式
  • 工作单格式
  • 卡片格式
题名:
说文通训定声
    
 
作者: 朱俊声 撰
分册: 一  
出版信息: 出版地不详   出版者不详  出版日期不详
页数: 1册
开本: 23.5*15cm
丛书名:
单 册:
中图分类: H16
科图分类:
主题词: 汉语--词典学
电子资源:
ISBN:
000 00733nam0 2200217 450
001 0655771109
005 20061020154009.59
010    @b线装@dCNY32.00(函)
100    @a20061020d km y0chiy0120 ea
101 0  @achi
200 1  @a说文通训定声@Ashuo wen tong xun ding sheng@h一@f(清)朱俊声撰@F(qing)zhu jun sheng zhuan
210    @a出版地不详@c出版者不详@d出版日期不详
215    @a1册@d23.5*15cm
300    @a本书全套二十四册,共十九卷,第一至八册为第一函,第九至第十六册为第二函,第十七至第二十四册为第三函
300    @a本书加盖北平特别市革命图书馆藏书章
305    @a本书据临啸阁藏版印
606 0  @a汉语@x词典学
690    @aH16@v3
701  0 @a朱俊声@Azhu jun sheng@4撰
801  0 @aCN@bPFT@c20061020
905    @a10447@dH16@e17:1
    
    说文通训定声.一/(清)朱俊声撰.-出版地不详:出版者不详,出版日期不详
    1册;23.5*15cm
    本书全套二十四册,共十九卷,第一至八册为第一函,第九至第十六册为第二函,第十七至第二十四册为第三函.-本书加盖北平特别市革命图书馆藏书章
    
    ISBN (线装):CNY32.00(函)
    
●
相关链接 在E读中查询图书 在五车中查询图书 在当当中查询图书 在豆瓣中查询图书


正题名:说文通训定声     索取号:H16/17:1         预约/预借

序号 登录号 条形码 馆藏地/架位号 状态 备注
1 0265099   202415671   古籍典藏专区/ [索取号:H16/17:1] 在馆    
唐山师范学院图书馆 欢迎您!
大连网信软件有限公司© 版权所有